Նոր հասկեր : (Record no. 341669)
[ view plain ]
| 000 -LEADER | |
|---|---|
| fixed length control field | 01250nas a2200289 a 4500 |
| 001 - CONTROL NUMBER | |
| control field | 001045863 |
| 003 - CONTROL NUMBER IDENTIFIER | |
| control field | AM-YEHGA |
| 005 - DATE AND TIME OF LATEST TRANSACTION | |
| control field | 20250805111851.0 |
| 008 - FIXED-LENGTH DATA ELEMENTS--GENERAL INFORMATION | |
| fixed length control field | 141110d1935 ir srzp 0 0arm|d |
| 040 ## - CATALOGING SOURCE | |
| Original cataloging agency | AM-YEHGA |
| 041 0# - LANGUAGE CODE | |
| Language code of text/sound track or separate title | arm |
| 222 #0 - KEY TITLE | |
| Key title | Նոր հասկեր |
| 245 00 - TITLE STATEMENT | |
| Title | Նոր հասկեր : |
| Remainder of title | Մանկական-պատանեկական պատկերազարդ երկշաբաթեայ հանդէս / |
| Statement of responsibility, etc. | Առտօնատէր՝ Մարգարիտ Սարվարեան ; խմբ․՝ Մուշեղ Սարվարեան․ |
| 260 ## - PUBLICATION, DISTRIBUTION, ETC. | |
| Place of publication, distribution, etc. | Թէհրան : |
| Name of publisher, distributor, etc. | Տպ. Հայեամ, |
| Date of publication, distribution, etc. | 1935-․ |
| 300 ## - PHYSICAL DESCRIPTION | |
| Extent | համար. |
| 310 ## - CURRENT PUBLICATION FREQUENCY | |
| Current publication frequency | Երկշաբաթյա |
| 362 0# - DATES OF PUBLICATION AND/OR SEQUENTIAL DESIGNATION | |
| Dates of publication and/or sequential designation | 1935- |
| 500 ## - GENERAL NOTE | |
| General note | Լույս է տեսել 1935-1936 թվականներին Թեհրանում։ |
| 650 14 - SUBJECT ADDED ENTRY--TOPICAL TERM | |
| Topical term or geographic name entry element | Մանկավարժության հոգեբանություն |
| Form subdivision | Պարբերականներ |
| 650 14 - SUBJECT ADDED ENTRY--TOPICAL TERM | |
| Topical term or geographic name entry element | Սփյուռքահայ գաղթօջախներ |
| Form subdivision | Պարբերականներ |
| 650 14 - SUBJECT ADDED ENTRY--TOPICAL TERM | |
| Topical term or geographic name entry element | Հայկական սփյուռք |
| Form subdivision | Պարբերականներ |
| Chronological subdivision | XXդ |
| 651 #4 - SUBJECT ADDED ENTRY--GEOGRAPHIC NAME | |
| Geographic name | Թեհրան |
| 9 (RLIN) | 8576 |
| 651 #4 - SUBJECT ADDED ENTRY--GEOGRAPHIC NAME | |
| Geographic name | Իրան |
| 700 1# - ADDED ENTRY--PERSONAL NAME | |
| Personal name | Սարվարեան, Մարգարիտ, |
| Relator term | խմբ․ |
| Relationship | edt |
| 700 1# - ADDED ENTRY--PERSONAL NAME | |
| Personal name | Սարվարեան, Մուշեղ, |
| Relator term | խմբ․ |
| Relationship | edt |
| 942 ## - ADDED ENTRY ELEMENTS (KOHA) | |
| Koha item type | Շարունակական պաշար / Continuing Resource |
| Source of classification or shelving scheme | Universal Decimal Classification |
| Withdrawn status | Lost status | Source of classification or shelving scheme | Damaged status | Not for loan | Collection | Home library | Current library | Date acquired | Serial enumeration / chronology | Total checkouts | Full call number | Barcode | Date last seen | Price effective from | Koha item type | Public note |
|---|---|---|---|---|---|---|---|---|---|---|---|---|---|---|---|---|
| Universal Decimal Classification | Pogharian Individual Collection | Fundamental Scientific Library | Fundamental Scientific Library | 09/01/2017 | 1936, № 11 | Պող/308 | FL0309672 | 09/01/2017 | 09/01/2017 | Շարունակական պաշար / Continuing Resource | ILL Non-Circ. | |||||
| Universal Decimal Classification | Edgaryan Individual Collection | Fundamental Scientific Library | Fundamental Scientific Library | 25/12/2024 | 1937, Բ․ Տարի, No 1(25) | Էդգ/546 | FL0686654 | 25/12/2024 | 25/12/2024 | Շարունակական պաշար / Continuing Resource | ILL Non-Circ. | |||||
| Universal Decimal Classification | Edgaryan Individual Collection | Fundamental Scientific Library | Fundamental Scientific Library | 14/01/2025 | 1935-1936, Ա․ Տարի, № 1-6 | Էդգ/543 | FL0686662 | 14/01/2025 | 14/01/2025 | Շարունակական պաշար / Continuing Resource | ILL Non-Circ. | |||||
| Universal Decimal Classification | Edgaryan Individual Collection | Fundamental Scientific Library | Fundamental Scientific Library | 14/01/2025 | 1936, Ա․ Տարի, № 7-24 | Էդգ/544 | FL0686665 | 14/01/2025 | 14/01/2025 | Շարունակական պաշար / Continuing Resource | ILL Non-Circ. | |||||
| Universal Decimal Classification | Edgaryan Individual Collection | Fundamental Scientific Library | Fundamental Scientific Library | 14/01/2025 | 1937, Բ․ Տարի, № 1-5 (25-29) | Էդգ/545 | FL0686666 | 14/01/2025 | 14/01/2025 | Շարունակական պաշար / Continuing Resource | ILL Non-Circ. | |||||
| Universal Decimal Classification | Zhamkochyan Individual collection | Fundamental Scientific Library | Fundamental Scientific Library | 29/07/2025 | 1935, Ա տարի, Թիւ 1-6, 1936, Ա տարի, Թիւ 7-24 | Ժամ/1062 | FL0693132 | 29/07/2025 | 29/07/2025 | Շարունակական պաշար / Continuing Resource | ILL Non-Circ |
ՀՀ Գիտությունների ազգային ակադեմիայի հիմնարար գիտական գրադարան = Fundamental Scientific Library of NAS RA
All site content, except where otherwise noted, is licensed under a